Najmniejsze państwa z co najmniej dwoma sąsiadami - Statystyki

Ogólne statystyki
  • Ten quiz został rozwiązany 14 razy
  • Średni wynik to 16 z 20
Statystyki odpowiedzi
Sąsiedzi Kontynent Państwo % Poprawnych
2 Europa Andora
100%
4 Europa Kosowo
100%
2 Europa Liechtenstein
100%
3 Europa Luksemburg
100%
2 Afryka Eswatini
93%
5 Europa Macedonia Północna
93%
4 Europa Belgia
86%
5 Europa Czarnogóra
86%
4 Azja Izrael
79%
4 Afryka Rwanda
79%
4 Europa Słowenia
79%
2 Ameryka Północna Belize
71%
3 Afryka Burundi
71%
2 Azja Liban
71%
2 Ameryka Północna Salwador
71%
2 Afryka Gwinea Równikowa
64%
4 Europa Albania
57%
3 Afryka Dżibuti
57%
2 Azja Kuwejt
57%
4 Azja Armenia
50%
Nie znaleziono quizów pasujących do podanych kryteriów
Rozkład punktacji
Procent ludzi z każdym wynikiem
Percentyl według liczby udzielonych odpowiedzi
Twoja historia wyników
Nie rozwiązałeś tego quizu